Statistiche per Riconosci lo Stadio - Europa - Quiz n°3

Clicka qui per fare il quiz!

Statistiche generali

  • Questo quiz è stato fatto 12 volte
  • Il punteggio medio è 2 su 10

Statistiche sulle risposte

Risposta% Corretto
Stadio San Nicola - Bari
100%
London Stadium - Londra
60%
Veltins-Arena - Gelsenkirchen
50%
Arena Națională - Bucarest
10%
Stadio Jose Alvalade - Lisbona
10%
Stadio Maksimir - Zagabria
10%
Allianz Riviera - Nizza
0%
Sankt Jakob-Park - Basilea
0%
Stadio della Ceramica - Vila-real
0%
Stadio Nazionale Vasil Levski - Sofia
0%

Distribuzione punteggi

Percentile per numero di risposta

Percentuale di utenti per punteggio

I tuoi punteggi nel tempo

Non hai fatto questo quiz